Top 90 Western Films (IMDB) - Statistics

General Stats
  • This quiz has been taken 259 times
    34 since last reset
  • The average score is 22 of 96
Answer Stats
Film Year IMDB % Correct
The Good, the Bad and the Ugly 1966 8.8
93%
The Magnificent Seven 1960 7.7
89%
Unforgiven 1992 8.2
86%
Django Unchained 2012 8.5
82%
True Grit 2010 7.6
82%
True Grit 1969 7.4
82%
For a Few Dollars More 1965 8.2
79%
A Fistful of Dollars 1964 7.9
75%
Once Upon a Time in the West 1968 8.5
75%
The Searchers 1956 7.8
75%
High Noon 1952 7.9
71%
The Hateful Eight 2015 7.8
68%
The Outlaw Josey Wales 1976 7.8
68%
Tombstone 1993 7.8
61%
3:10 to Yuma 2007 7.6
57%
3:10 to Yuma 1957 7.6
57%
Dances with Wolves 1990 8.0
57%
High Plains Drifter 1973 7.4
57%
The Wild Bunch 1969 7.9
57%
Rio Bravo 1959 8.0
50%
Hell or High Water 2016 7.6
46%
No Country for Old Men 2007 8.2
39%
The Great Silence 1968 7.7
39%
There Will Be Blood 2007 8.2
39%
Butch Cassidy and the Sundance Kid 1969 8.0
32%
Stagecoach 1939 7.8
32%
Cowboy Bebop: The Movie 2001 7.8
29%
The Treasure of the Sierra Madre 1948 8.2
29%
Blazing Saddles 1974 7.7
25%
Serenity 2005 7.8
25%
The Man Who Shot Liberty Valance 1962 8.1
25%
Fort Apache 1948 7.4
21%
Jeremiah Johnson 1972 7.6
21%
The Cowboys 1972 7.4
21%
Bad Day at Black Rock 1955 7.6
18%
Open Range 2003 7.4
18%
Red River 1948 7.7
18%
Shane 1953 7.6
18%
The Last of the Mohicans 1992 7.6
18%
The Revenant 2015 8.0
18%
Duck, You Sucker! 1971 7.5
14%
The Last Samurai 2003 7.8
14%
Back to the Future Part III 1990 7.5
11%
Brokeback Mountain 2005 7.7
11%
Hud 1963 7.8
11%
Little Big Man 1970 7.5
11%
My Darling Clementine 1946 7.7
11%
The Assassination of Jesse James by the Coward Robert Ford 2007 7.5
11%
The Big Country 1958 7.9
11%
The Ox-Bow Incident 1942 8.0
11%
The Shootist 1976 7.6
11%
Destry Rides Again 1939 7.6
7%
El Dorado 1966 7.5
7%
Giant 1956 7.6
7%
Hombre 1967 7.4
7%
Johnny Guitar 1954 7.6
7%
Killers of the Flower Moon 2023 7.5
7%
The Gold Rush 1925 8.1
7%
The Wind 1928 8.0
7%
They Call Me Trinity 1970 7.4
7%
Winchester '73 1950 7.6
7%
Wind River 2017 7.7
7%
Bring Me the Head of Alfredo Garcia 1974 7.4
4%
Dead Man 1995 7.5
4%
Legends of the Fall 1994 7.5
4%
Logan 2017 8.1
4%
Lonely Are the Brave 1962 7.6
4%
McCabe & Mrs. Miller 1971 7.6
4%
Ride the High Country 1962 7.4
4%
Sergeant Rutledge 1960 7.4
4%
Sholay 1975 8.1
4%
Support Your Local Sheriff! 1969 7.4
4%
The Gunfighter 1950 7.7
4%
The Rider 2017 7.4
4%
The Sacketts 1979 7.6
4%
3 Bad Men 1926 7.5
0%
7 Men from Now 1956 7.4
0%
Aferim! 2015 7.6
0%
A Man from Boulevard des Capucines 1987 7.6
0%
Blood on the Land 1965 7.5
0%
Business People 1963 7.6
0%
Davaro: Son Eskiya 1981 8.1
0%
Lemonade Joe 1964 7.4
0%
Lone Star 1996 7.4
0%
Ruggles of Red Gap 1935 7.6
0%
Stars in My Crown 1950 7.4
0%
The Big Gundown 1966 7.4
0%
Theeran Adhigaram Ondru 2017 8.2
0%
The Kid Brother 1927 7.6
0%
The Mark of Zorro 1940 7.5
0%
Togo 2019 7.9
0%
Way Out West 1937 7.6
0%
Westward the Women 1951 7.6
0%
White Sun of the Desert 1969 7.6
0%
Yahsi Bati 2009 7.4
0%
Yellow Sky 1948 7.4
0%
No matching quizzes found
Score Distribution
Percent of People with Each Score
Percentile by Number Answered
Your Score History
You have not taken this quiz since the last reset